000 00358nam a22001337a 4500
020 _a9780994873309
082 _a658.421 SOU
100 _aOumar Soule
245 _aThe Muslim Entrepreneur:10 success principles from the greatest muslim entrepreneurs
260 _aCanada
_bBilal Success
_c2015
300 _a275p.
650 _aEntrepreneurship
942 _cBK
999 _c13515
_d13515